LEADER 00707nam a2200169 i 4500 001 000000240933 003 CaOOAMICUS 005 20150416000000.0 008 150416s1841 it u000 u ger u 013 $a219838 040 $aSeMil$bita 245 10$aErloschene Orden. 300 $aVIII, 240 p. 773 0 $aBiedenfeld, Ferdinand : von <1788-1862>$tGeschichte und Verfassung aller geistlichen und weltlichen, erloschenen und blühenden Ritterorden.$dWeimar : Verlag, Druck und Lithographie von Bernhard Friedrich Voigt, 1841.$g1$w()31768 850 $aSeMil 852 $aSeMil$W1$xVenegono$y1$m3E IV 8 FA$j191279$B191279$CSeMilBibl$Z2$F202101 $8I 996 $6245$aErloschene Orden$9(OLS)http://semarc/title/342535 LEADER 00944nam a2200193 i 4500 001 000000055491 003 CaOOAMICUS 005 19970702000000.0 008 970702n xx u000 u fre u 013 $a26663 040 $aSeMil$bita 100 1 $aBouchard, Joannes .$0(OLS)http://semarc/name/27880 245 13$aLe R.P. Paul Le Jeune et la fondation des missions des Jésuites en Nouvelle-France, 1632-1642 :$bEtude des méthodes missionnaires. 650 4$aGesuiti - Missioni.$0(OLS)http://semarc/subject/5004 650 4$aMissioni - Storia - Sec. 16.-17.$0(OLS)http://semarc/subject/5024 650 4$aTesi di laurea.$0(OLS)http://semarc/subject/1690 850 $aSeMil 852 $aSeMil$W1$xVenegono$y1$m2I II 571$j21645$B21645$CSeMilBibl$Z2$F21647 $81 996 $6245$aLe R.P. Paul Le Jeune et la fondation des missions des Jésuites en Nouvelle-France, 1632-1642 :$bEtude des méthodes missionnaires$9(OLS)http://semarc/title/86077